|
|
|
|
| LEADER |
00984nam a2200229 a 4500 |
| 001 |
15925114 |
| 008 |
100517s2010 vau 000 0 eng d |
| 010 |
|
|
|a 2009938085
|
| 020 |
|
|
|a 9781931185639
|
| 040 |
|
|
|a DLC
|c DLC
|
| 082 |
0 |
0 |
|a 428.0071
|2 22
|
| 245 |
0 |
0 |
|a Effective second language writing /
|c [edited by] Susan Kasten.
|
| 260 |
|
|
|a Alexandria, VA :
|b Teachers of English to Speakers of Other Languages, Inc.,
|c 2010.
|
| 300 |
|
|
|a x, 219 p. ;
|b ill. ;
|c 26 cm.
|
| 490 |
0 |
|
|a Tesol classroom practice series
|
| 504 |
|
|
|a Includes bibliographical references (p.193-210) and index
|
| 541 |
1 |
|
|e 00020243
|
| 650 |
|
0 |
|a English language
|x Study and teaching
|x Foreign speakers.
|
| 650 |
|
0 |
|a English language
|x Study and teaching
|x Activity programs.
|
| 852 |
4 |
|
|a Ayesha Abed Library
|j General shelf
|
| 999 |
|
|
|c 8600
|d 8600
|
| 952 |
|
|
|0 0
|1 0
|2 ddc
|4 0
|6 428_007100000000000_EFF_2010
|7 0
|9 10237
|a BRACUL
|b BRACUL
|c GEN
|d 2010-05-17
|l 12
|m 38
|o 428.0071 EFF
|p 3010020243
|r 2018-10-15
|s 2018-09-26
|t 1
|w 2010-05-17
|y BK
|